| 000 | 01107nam a2200205 a 4500 | ||
|---|---|---|---|
| 001 | 000049050 | ||
| 005 | 20250116162810.0 | ||
| 008 | 190716s2007 dr ac 000 0 spa d | ||
| 040 |
_aDO-SdBNP _bspa _cBNPHU |
||
| 082 |
_a371.76 _bH344p |
||
| 100 | 1 |
_aHasbun, Julia _935806 |
|
| 245 | 1 | 0 |
_aPrograma de educación afectivo sexual, (PEAS) República Dominicana : _bestudio de línea de base / _cEstudio realizado por : Julia Hasbun. |
| 260 |
_aSanto Domingo,República Dominicana : _bMinisterio de Educación ; _bFondo de las Naciones Unidas, _c2007. |
||
| 300 |
_a80 p. : _bil., retrs. ; _c29 cm. |
||
| 590 | _aInventariado, 2019/VM | ||
| 505 | 0 | _aResumen ejecutivo -- Antecedentes -- Metodología -- Diseño cuantitativo -- Instrumento de medida -- Análisis de resultados cuantitativos -- Diseño cualitativo -- Resultados cuantitativos -- Resultados cualitativos -- Conclusiones generales -- Recomendaciones. | |
| 650 | 4 |
_aEducación sexual _zRepública Dominicana _952271 |
|
| 650 | 4 |
_aSexualidad _xEnseñanza _zRepública Cominicana _976448 |
|
| 710 | 1 |
_aRepública Dominicana _bMinisterio de Educación _972019 |
|
| 999 |
_c48538 _d48538 |
||